| 000 | 01837nam1a2200385 i 4500 | ||
|---|---|---|---|
| 001 | RU\NLR\bibl\577232 | ||
| 005 | 20260407114458.0 | ||
| 035 | _a(NLR Aleph) 000569266 | ||
| 090 |
_a1582050 _c1582050 |
||
| 100 | _a20041124g20049999k y0rusy50 ca | ||
| 101 | 0 |
_arus _deng |
|
| 102 | _aRU | ||
| 105 | _aa ||||||||| | ||
| 200 | 1 |
_aКурский край: социальная экология _e[В 5 т.] _f[Медведев И.Н., Наумов М.Н, Беспарточный Б.Д.] _gМ-во труда и социал. развития РФ, Кур. ин-т социал. образования (фил.) МГСУ |
|
| 210 |
_aМ. _cБ.и. _d2004 |
||
| 215 | _d30 | ||
| 300 | _aАвт. указаны на обороте тит. л. | ||
| 300 | _aРез. на англ. яз. | ||
| 463 | 0 | _1001574656 | |
| 463 | 0 | _1001803760 | |
| 606 | 0 |
_aМедицинская экология _yКурская область _92262883 _3RU\NLR\auth\661356677 |
|
| 606 |
_aСердечно-сосудистая система _xБолезни _yКурская область _92352359 _3RU\NLR\auth\661405294 |
||
| 686 | _aР121.1(2Р345-4Курс) | ||
| 686 | _aР410 | ||
| 700 | 1 |
_4070 _7ca _8rus _aМедведев _bИ. Н. _cд-р мед. наук, д-р биол. наук _f1975 - _gИлья Николаевич _934020 _3RU\NLR\auth\7751086 |
|
| 701 | 1 |
_aНаумов _bМ. М. _gМихаил Михайлович _4070 |
|
| 701 | 1 |
_aБеспарточный _bБ. Д. _gБорис Дмитриевич _4070 |
|
| 712 | 0 | 2 |
_4570 _aКурский институт социального образования _3RU\NLR\AUTH\8810066489 _9634602 |
| 801 | 0 |
_aRU _bNLR _c20041124 _gPSBO |
|
| 801 | 1 |
_aRU _bNLR _c20041124 |
|
| 830 | _aАвт. по кн. | ||
| 852 |
_aNLR _j2004-8/2793 |
||
| 942 | _cBOOK | ||